[Event "Iran-ch U20"]
[Site "Semnan"]
[Date "2016.04.22"]
[Round "4.1"]
[White "Moradi, Amirmasoud"]
[Black "Gholami, Aryan"]
[Result "1/2-1/2"]
[WhiteElo "2221"]
[BlackElo "2429"]
[PlyCount "159"]
[EventDate "2016.04.20"]
[EventType "swiss"]
[EventRounds "9"]
[EventCountry "IRI"]
[SourceTitle "EXT 2024"]
[Source "ChessBase"]
[SourceDate "2023.10.10"]
[SourceVersion "1"]
[SourceVersionDate "2023.10.10"]
[SourceQuality "1"]

1. e4 c5 2. Nf3 e6 3. Be2 Nc6 4. 0-0 Nf6 5. Nc3 a6 6. a4 Qc7 7. Re1 Bd6 8. h3 b6 9. d3 Bb7 10. Be3 0-0 11. Qd2 Be7 12. Bf4 d6 13. Bh2 Rac8 14. Nd1 Rfd8 15. Bf1 b5 16. g4 Nd7 17. Bg2 Nde5 18. c3 Qb6 19. Qc2 Bf6 20. Nd2 c4 21. d4 Nd3 22. Re3 e5 23. d5 Ne7 24. a5 Qa7 25. Bf1 Nf4 26. Nf3 Neg6 27. Re1 Rb8 28. Ne3 Bc8 29. Qd2 Nh4 30. Nxh4 Bxh4 31. Bxf4 exf4 32. Ng2 Bg5 33. h4 Bf6 34. Qxf4 Qc7 35. g5 Be5 36. Qd2 g6 37. f4 Bg7 38. Ne3 Re8 39. Nc2 f5 40. Bg2 fxe4 41. Bxe4 Qf7 42. Bg2 Bf5 43. Nb4 Qa7+ 44. Kh2 Ra8 45. Nc6 Qd7 46. Nb4 h6 47. Rxe8+ Qxe8 48. Re1 Qd7 49. Qe3 hxg5 50. hxg5 Bf8 51. Bh3 Qh7 52. Kg2 Re8 53. Qxe8 Qxh3+ 54. Kf2 Qh2+ 55. Kf3 Qh3+ 56. Kf2 Qh2+ 57. Kf3 Qh3+ 58. Ke2 Qg2+ 59. Kd1 Qxb2 60. Re3 Qb1+ 61. Kd2 Qb2+ 62. Kd1 Qb1+ 63. Kd2 Qb2+ 64. Ke1 Qc1+ 65. Ke2 Qb2+ 66. Kf3 Qc1 67. Ke2 Qb2+ 68. Kf3 Qc1 69. Kg2 Qd2+ 70. Kg1 Qd1+ 71. Kf2 Qd2+ 72. Kg3 Qc1 73. Kf2 Qd2+ 74. Kf1 Qc1+ 75. Kg2 Qd2+ 76. Kf3 Qc1 77. Kf2 Qd2+ 78. Kf3 Qc1 79. Kf2 Qd2+ 80. Kf3 1/2-1/2

[Event "Iran-ch U20"]
[Site "Semnan"]
[Date "2016.04.22"]
[Round "3.2"]
[White "Poormosavi, Seyed Kian"]
[Black "Moradi, Amirmasoud"]
[Result "0-1"]
[WhiteElo "1922"]
[BlackElo "2221"]
[PlyCount "54"]
[EventDate "2016.04.20"]
[EventType "swiss"]
[EventRounds "9"]
[EventCountry "IRI"]
[SourceTitle "EXT 2024"]
[Source "ChessBase"]
[SourceDate "2023.10.10"]
[SourceVersion "1"]
[SourceVersionDate "2023.10.10"]
[SourceQuality "1"]

1. e4 e5 2. Nf3 Nc6 3. Bb5 a6 4. Ba4 Nf6 5. 0-0 b5 6. Bb3 Bc5 7. c3 d6 8. d4 Bb6 9. Be3 Bg4 10. a4 0-0 11. axb5 axb5 12. Na3 b4 13. Nb5 Rxa1 14. Qxa1 Na5 15. Bc2 Nc4 16. dxe5 Nxe3 17. fxe3 Bxe3+ 18. Kh1 dxe5 19. Qe1 Bxf3 20. Qxe3 Bh5 21. cxb4 Ng4 22. Qc3 Qg5 23. Bb3 Bg6 24. Bd5 Ne3 25. Rg1 Qf4 26. Nxc7 Ng4 27. g3 Qf2 0-1

[Event "Tehran Alborz op 1st"]
[Site "Tehran"]
[Date "2014.03.12"]
[Round "8"]
[White "Moradi, Amirmasoud"]
[Black "Javakhadze, Zurab"]
[Result "1/2-1/2"]
[WhiteElo "2129"]
[BlackElo "2450"]
[PlyCount "67"]
[EventDate "2014.03.06"]
[EventType "swiss"]
[EventRounds "11"]
[EventCountry "IRI"]
[SourceTitle "CBM 159 Extra"]
[Source "ChessBase"]
[SourceDate "2014.04.24"]
[SourceVersion "1"]
[SourceVersionDate "2014.04.24"]
[SourceQuality "1"]

1. e4 e5 2. Nf3 Nc6 3. Bb5 a6 4. Ba4 d6 5. 0-0 Nf6 6. Re1 Be7 7. c3 0-0 8. d4 b5 9. Bb3 Bg4 10. Be3 exd4 11. cxd4 Na5 12. Bc2 Nc4 13. Bc1 c5 14. b3 Nb6 15. Nbd2 Bh5 16. Bb2 Re8 17. e5 dxe5 18. dxe5 Nfd5 19. Qb1 h6 20. e6 Bf6 21. exf7+ Bxf7 22. Ne5 Qc7 23. Ndf3 Rad8 24. Bh7+ Kf8 25. Bg6 Bxg6 26. Qxg6 Rd6 27. Qh7 Rde6 28. Ng6+ Kf7 29. Rxe6 Rxe6 30. Nh8+ Kf8 31. Ng6+ Kf7 32. Nh8+ Kf8 33. Ng6+ Kf7 34. Nh8+ 1/2-1/2